| 000 | 01060nam a22003497a 4500 | ||
|---|---|---|---|
| 001 | BR7300343 | ||
| 003 | BR-BrBNA | ||
| 005 | 20230928083834.0 | ||
| 007 | ta | ||
| 008 | 230509b bl.||||| |||| 00| 0 por d | ||
| 040 |
_aBR-BrBNA _bpor _cBiblioteca Nacional de Agricultura |
||
| 041 | _a(Por) | ||
| 072 |
_aE10; E15; E30 _b/G514 |
||
| 090 | _ E10 BR7300343 | ||
| 100 | 1 | _aRego, J. de J.M. | |
| 110 | 1 | _aSuperintendencia do Desenvolvimento do Nordeste, Recife, PE (Brasil). Depto. de Agricultura e Abastecimento | |
| 245 | 1 | _aEnsaios economicos [Plano de desenvolvimento; Investimento; Financiamento; Regiao Nordeste; Brasil] | |
| 250 | 1 | _a2.ed. | |
| 260 | 3 |
_aRecife, PE (Brasil): _c1974. |
|
| 300 | _a51 p. | ||
| 650 | _aPROJETO AGRICOLA | ||
| 650 | _aPROJETO INDUSTRIAL | ||
| 650 | _aINDUSTRIA AGRICOLA | ||
| 650 | _aINVESTIMENTO | ||
| 650 | _aPLANEJAMENTO | ||
| 650 | _aCREDITO RURAL | ||
| 650 | _aFINANCIAMENTO | ||
| 650 | _aESTRUTURA AGRARIA | ||
| 650 | _aREGIAO NORDESTE | ||
| 909 |
_a202309 _bLucia _c55 _dLucia Elande |
||
| 942 | _cBK | ||
| 999 |
_c15466 _d15466 |
||